Legenda Nemes Nagy Ágnesről
Elmentve itt :
| További közreműködők: | |
|---|---|
| Dokumentumtípus: | Cikk |
| Megjelent: |
1996
|
| Sorozat: | Tiszatáj
50 No. 6 |
| Kulcsszavak: | Nemes Nagy Ágnes, Magyar irodalom - esszé |
| Online Access: | http://tiszataj.bibl.u-szeged.hu/16205 |
| LEADER | 00574nab a2200181 i 4500 | ||
|---|---|---|---|
| 001 | tisza16205 | ||
| 005 | 20200330155328.0 | ||
| 008 | 170110s1996 hu o 0|| hun d | ||
| 022 | |a 0133-1167 | ||
| 040 | |a SZTE Tiszatáj Archívum |b hun | ||
| 041 | |a hun | ||
| 245 | 0 | 0 | |a Legenda Nemes Nagy Ágnesről |h [elektronikus dokumentum] |
| 260 | |c 1996 | ||
| 300 | |a 23-31 | ||
| 490 | 0 | |a Tiszatáj |v 50 No. 6 | |
| 695 | |a Nemes Nagy Ágnes, Magyar irodalom - esszé | ||
| 700 | 0 | 1 | |a Albert Zsuzsa |
| 856 | 4 | 0 | |u http://tiszataj.bibl.u-szeged.hu/16205/1/tiszataj_1996_006_023-031.pdf |z Dokumentum-elérés |